NBA 75 Members who played for the Lakers - Statistics

General Stats
  • This quiz has been taken 359 times
  • The average score is 12 of 18
Answer Stats
Player % Correct
Kobe Bryant
97%
LeBron James
96%
Kareem Abdul-Jabbar
94%
Shaquille O'Neal
94%
Jerry West
91%
Magic Johnson
91%
Anthony Davis
80%
Wilt Chamberlain
78%
Elgin Baylor
74%
James Worthy
73%
George Mikan
64%
Karl Malone
61%
Russell Westbrook
54%
Gary Payton
50%
Carmelo Anthony
48%
Steve Nash
48%
Bob McAdoo
25%
Dennis Rodman
25%
No matching quizzes found
Score Distribution
Percent of People with Each Score
Percentile by Number Answered
Your Score History
You have not taken this quiz